ひらがなを選択 - Statistics

General Stats
  • This quiz has been taken 157 times
  • The average score is 42 of 46
Answers on the Grid
Answers color-coded by a green-red scale on the quiz's grid according to % correct below.
 
Answer Stats
Answer % Correct
95%
94%
93%
93%
93%
92%
92%
92%
92%
92%
92%
92%
92%
92%
92%
92%
92%
92%
92%
92%
92%
92%
92%
92%
92%
91%
91%
91%
91%
91%
91%
91%
91%
90%
90%
90%
90%
90%
90%
89%
89%
89%
88%
87%
87%
87%
No matching quizzes found
Score Distribution
Percent of People with Each Score
Percentile by Number Answered
Your Score History
You have not taken this quiz